Thương mại điện tử hiện đại / (Biểu ghi số 3452)

MARC details
000 -LEADER
fixed length control field 00524nam a22001937a 4500
001 - CONTROL NUMBER
control field TVUNI
005 - DATE AND TIME OF LATEST TRANSACTION
control field 20260126014719.0
008 - FIXED-LENGTH DATA ELEMENTS--GENERAL INFORMATION
fixed length control field 221111s2015 vm vie d
020 ## - INTERNATIONAL STANDARD BOOK NUMBER
International Standard Book Number 9786047913121 :
Terms of availability 168000
040 ## - CATALOGING SOURCE
Original cataloging agency TVUNI
Description conventions AACR2
041 0# - LANGUAGE CODE
Language code of text/sound track or separate title vie
100 1# - MAIN ENTRY--PERSONAL NAME
Personal name Lưu, Đan Thọ
245 10 - TITLE STATEMENT
Nhan đề Thương mại điện tử hiện đại /
Statement of responsibility, etc. Lưu Đan Thọ
260 ## - PUBLICATION, DISTRIBUTION, ETC.
Place of publication, distribution, etc. Hà Nội :
Name of publisher, distributor, etc. Tài chính,
Date of publication, distribution, etc. 2015
300 ## - PHYSICAL DESCRIPTION
Extent 564 tr. ;
Dimensions 24 cm.
942 ## - ADDED ENTRY ELEMENTS (KOHA)
Source of classification or shelving scheme Dewey Decimal Classification
Koha item type Sách
911 ## - EQUIVALENCE OR CROSS-REFERENCE-CONFERENCE OR MEETING NAME [LOCAL, CANADA]
Meeting name or jurisdiction name as entry element 1
Number [OBSOLETE] Hiển Phạm
912 ## -
-- 1
-- Hiển Phạm
Bản tài liệu
Trạng thái loại khỏi lưu thông Trạng thái mất Source of classification or shelving scheme Trạng thái hư hỏng Không cho mượn Thư viện chính Thư viện hiện tại Kho tài liệu Ngày bổ sung Total checkouts Mã vạch Lần gần nhất còn thấy tài liệu Giá có hiệu lực từ Koha item type
    Dewey Decimal Classification     Thư viện Trường Đại học Trương Vương cơ sở Vĩnh Phúc Thư viện Trường Đại học Trương Vương cơ sở Vĩnh Phúc   11/11/2022   00003176 11/11/2022 11/11/2022 Sách